Muslim Portraits Everyday lives in India (Record no. 31767)

MARC details
000 -LEADER
fixed length control field 00940nam a22002297a 4500
005 - DATE AND TIME OF LATEST TRANSACTION
control field 2009111306196.0
008 - FIXED-LENGTH DATA ELEMENTS--GENERAL INFORMATION
fixed length control field 091113t xxu||||| |||| 00| 0 eng d
010 ## - LCCN (DPL NO)
LC control number ENG-95436
020 ## - INTERNATIONAL STANDARD BOOK NUMBER
International Standard Book Number 9788190618625
Terms of availability 250.00
035 ## - SYSTEM CONTROL NUMBER
System control number EN-78969
037 ## - SOURCE OF ACQUISITION
Source of stock number/acquisition DBAD/PUB
040 ## - CATALOGING SOURCE
Original cataloging agency DPL
245 ## - TITLE STATEMENT
Title Muslim Portraits Everyday lives in India
Statement of responsibility, etc Edited by Mukulika Banerjee
260 ## - PUBLICATION, DISTRIBUTION, ETC. (IMPRINT)
Place of publication, distribution, etc New Delhi
Name of publisher, distributor, etc Yoda Press
Date of publication, distribution, etc 2008
270 ## - ADDRESS
Address 35-A/1, Shahpur Jat
City New Delhi
Postal code 110049
300 ## - PHYSICAL DESCRIPTION
Extent 142p
Dimensions 22 cm.(Pbk)
700 ## - ADDED ENTRY--PERSONAL NAME
Personal name Banerjee, Mukulika
856 ## - ELECTRONIC LOCATION AND ACCESS
Uniform Resource Identifier <a href="http://www.loc.gov/catdir/toc/ecip0721/2007025342.html">http://www.loc.gov/catdir/toc/ecip0721/2007025342.html</a>
942 ## - ADDED ENTRY ELEMENTS (KOHA)
Source of classification or shelving scheme Dewey Decimal Classification
Item type English Books
Call number suffix BAN
Holdings
Withdrawn status Lost status Source of classification or shelving scheme Damaged status Not for loan Collection code Home library Current library Date acquired Source of acquisition Cost, normal purchase price Total Checkouts Full call number Barcode Date last seen Copy number Cost, replacement price Koha item type
    Dewey Decimal Classification   Not For Loan Non-fiction D.B.Act.Division D.B.Act.Division 13/11/2009 DBAD / PUB 250.00   BAN EN-78969 13/11/2009 1 250.00 English Books

© Delhi Public Library
Hit Counter
free hit counter